| 000 | 00948nam a22002417a 4500 | ||
|---|---|---|---|
| 999 |
_c4178 _d4178 |
||
| 003 | AR-CdUCM | ||
| 008 | 190308b ||||| |||| 00| 0 spa d | ||
| 020 | _a2012-02044 | ||
| 040 |
_aMUNICIPALIDAD PROVINCIAL DEL CUSCO _cBIBLIOTECA MUNICIPAL DEL CUSCO |
||
| 082 |
_a725.9 / _bB94 |
||
| 100 |
_aBustamante Dueñas, Ruby _913241 |
||
| 245 | _aLa restauración integral de la casona Velarde Álvarez y su adecuación como Centro Cultural de la Universidad Nacional de San Cristóbal de Huamanga / | ||
| 260 |
_aLima : _bPrograma de Cooperación Hispano Peruano, _c2012. |
||
| 300 |
_a188 páginas ; _bDiagramas, fotografías, _c24 cm. |
||
| 505 | _aContenido: Arquitectura colonial de Ayacucho. | ||
| 650 |
_aPatrimonio cultural _93805 |
||
| 650 |
_aConservación y restauración _913242 |
||
| 650 |
_aHuamanga _913243 |
||
| 650 |
_aCasas coloniales _913244 |
||
| 700 |
_aSerna Torroba, Juan de la _913245 |
||
| 942 |
_2ddc _cLIBROS |
||
| 945 | _adavv | ||